000 00581cam a22002053a 4500
001 39590
003 PGUSA
005 20140828083859.0
008 120501s2012||||xxu|||||s|||||000 | eng d
040 _aPGUSA
_beng
042 _adc
100 1 _aSimpson, W. T.
245 1 0 _aSome Account of Llangollen and its Vicinity
_h[electronic resource] /
_cW. T. Simpson
260 _bProject Gutenberg,
_c2012
506 _aPublic domain in the USA.
516 _aElectronic text
830 0 _aProject Gutenberg
_v39590
856 4 0 _uhttp://www.gutenberg.org/ebooks/39590
942 _cEB
999 _c268843
_d268843